00513nam a22001697a 450000500170000000800410001704000070005804100120006508200240007710000330010124500680013426000470020230000260024936500180027565000170029370000330031020220720094111.0220719b ||||| |||| 00| 0 eng d cAL aEnglish 223a324.95412bHINP aHind Mazdoor Kisan Panchayat aPress on Banka:New Reports on the Loksabha Byelections in Bihar aBombaybHind Mazdoor Kisan Panchayatc1987 a111 p.bPBc21x14 cm. c₹d₹15.00 aNews Reports aHIND MAZDOOR KISAN PANCHAYAT